10 stanów USA z największą ilością wód śródlądowych - Statystyki

Ogólne statystyki
  • Ten quiz został rozwiązany 57 razy
  • Średni wynik to 5 z 10
Statystyki odpowiedzi
Stan km² % Poprawnych
Floryda 13 019
79%
Michigan 104 052
77%
Teksas 14 546
63%
Nowy Jork 15 475
62%
Alaska 49 997
60%
Ohio 10 269
58%
Luizjana 11 815
44%
Minnesota 18 930
38%
Wisconsin 29 367
35%
Karolina Północna 10 495
27%
Nie znaleziono quizów pasujących do podanych kryteriów
Rozkład punktacji
Procent ludzi z każdym wynikiem
Percentyl według liczby udzielonych odpowiedzi
Twoja historia wyników
Nie rozwiązałeś tego quizu